[Event "Knockabout Knockout"]
[Site "SchemingMind.com"]
[Date "2022.12.14"]
[Round "-"]
[White "spoke"]
[Black "kenneth m day"]
[Result "1-0"]
[WhiteCountry "GER"]
[BlackCountry "USA"]
[WhiteElo "1786"]
[WhiteRD "79"]
[BlackElo "1620"]
[BlackRD "62"]
[GameID "729307"]

1. e4 e5 2. Nf3 d5 3. Nxe5 Bd6 4. d4 dxe4 5. Bc4 Be6 6. Bxe6 Bxe5 7. Bxf7+ Kf8 8. Bxg8 Bxd4 9. c3 Bxf2+ 10. Kxf2 Qf6+
11. Ke1 Kxg8 12. Rf1 Qd6 13. Qb3+
1-0

[Event "Knockabout Knockout"]
[Site "SchemingMind.com"]
[Date "2022.12.14"]
[Round "-"]
[White "kenneth m day"]
[Black "spoke"]
[Result "0-1"]
[WhiteCountry "USA"]
[BlackCountry "GER"]
[WhiteElo "1628"]
[WhiteRD "56"]
[BlackElo "1762"]
[BlackRD "67"]
[GameID "729308"]

1. e4 e6 2. d4 d5 3. Nc3 Bb4 4. a3 Bxc3+ 5. bxc3 dxe4 6. Bf4 Nf6 7. Bc4 O-O 8. Ne2 a6 9. Ng3 Nd5 10. Qd2 f5
11. Rb1 Nd7 12. Bg5 N7f6 13. O-O b5 14. Ba2 Qd6 15. Rfe1 Qxa3 16. Bxd5 Nxd5 17. Ne2 Qd6 18. Bh4 c6 19. Ng3 Qf4 20. Bg5 Qxd2
21. Bxd2 Nb6 22. Bf4 Nc4 23. f3 exf3 24. gxf3 h6 25. Re2 a5 26. Nf1 a4 27. Nd2 Nxd2 28. Rxd2 g5 29. Bd6 Rd8 30. Ba3 Kf7
31. c4 Ba6 32. cxb5 Bxb5 33. Rb4 Ra5 34. c4 Ba6 35. Rb6 Bxc4 36. Rxc6 Bd5 37. Rc3 Rb5 38. Kg2 Rdb8 39. Rdc2 Rb3 40. Rxb3 Rxb3
41. Bc1 Rxf3 42. Kg1 Rd3 43. Rd2 Rxd2 44. Bxd2 a3
0-1

[Event "Knockabout Knockout"]
[Site "SchemingMind.com"]
[Date "2022.12.20"]
[Round "-"]
[White "Robert Hatfield"]
[Black "Clive Everill"]
[Result "0-1"]
[WhiteCountry "USA"]
[BlackCountry "CZE"]
[WhiteElo "1821"]
[WhiteRD "64"]
[BlackElo "1684"]
[BlackRD "57"]
[GameID "729469"]

1. c4 Nf6 2. Nc3 c5 3. Nf3 e6 4. g3 b6 5. Bg2 Bb7 6. O-O a6 7. d3 d6 8. Bg5 Be7 9. d4 Nbd7 10. dxc5 Nxc5
11. Qc2 O-O 12. b4 Ncd7 13. Qb3 h6 14. Bd2 d5 15. cxd5 Nxd5 16. Nd4 Bxb4 17. Nxd5 Bxd2 18. Nxe6 fxe6 19. Rad1 Bxd5 20. Bxd5 exd5
21. Qxd5+ Kh8 22. Rxd2 Nf6
0-1

[Event "Knockabout Knockout"]
[Site "SchemingMind.com"]
[Date "2022.12.20"]
[Round "-"]
[White "Clive Everill"]
[Black "Robert Hatfield"]
[Result "0-1"]
[WhiteCountry "CZE"]
[BlackCountry "USA"]
[WhiteElo "1684"]
[WhiteRD "57"]
[BlackElo "1821"]
[BlackRD "64"]
[GameID "729470"]

1. e4 e6 2. d4 d5 3. Bd3 dxe4 4. Bxe4 Nf6 5. Bf3 Nbd7 6. Nc3 Be7 7. Bf4 c6 8. Nge2 O-O 9. O-O Nd5 10. Nxd5 exd5
11. Qd3 Nf6 12. Rfe1 Be6 13. h3 c5 14. dxc5 Bxc5 15. Bg5 Qb6 16. Be3 Bxe3 17. fxe3 Rfe8 18. b3 Rad8 19. Nd4 h6 20. g4 Ne4
21. Kg2 Rc8 22. Rac1 Rc3 23. Qd1 a6 24. Nxe6 Rxe3 25. Nd4 Rxe1 26. Qxe1 Qxd4 27. c3 Qe5 28. Bxe4 dxe4 29. Rd1 e3 30. Rd4 e2
31. h4 Qe3 32. a4 Re4 33. Rxe4 Qxe4+ 34. Kh3 Qf3+ 35. Kh2 Qf1
0-1

[Event "Knockabout Knockout"]
[Site "SchemingMind.com"]
[Date "2023.01.01"]
[Round "-"]
[White "MazetaFighter"]
[Black "TigerFeet"]
[Result "1-0"]
[WhiteCountry "GRE"]
[BlackCountry "ENG"]
[WhiteElo "1975"]
[WhiteRD "94"]
[BlackElo "1773"]
[BlackRD "215"]
[GameID "729738"]

1. e4 d5 2. exd5 Qxd5 3. Nc3 Qa5 4. d4 Nf6 5. Nf3 Bf5 6. Bc4 e6 7. Bd2 Bb4 8. a3 Bxc3 9. Bxc3 Qb6 10. Qe2 O-O
11. O-O-O Nbd7 12. Rhe1 Ne4 13. Bb4 c5 14. dxc5 Ndxc5 15. Nh4 a5 16. Bxc5 Nxc5 17. Nxf5 exf5 18. Qe5 Qh6+ 19. Kb1 Rac8 20. Qxf5 Qxh2
21. Rh1 g6 22. Qxc8
1-0

[Event "Knockabout Knockout"]
[Site "SchemingMind.com"]
[Date "2023.01.01"]
[Round "-"]
[White "TigerFeet"]
[Black "MazetaFighter"]
[Result "1/2-1/2"]
[WhiteCountry "ENG"]
[BlackCountry "GRE"]
[WhiteElo "1773"]
[WhiteRD "215"]
[BlackElo "1975"]
[BlackRD "94"]
[GameID "729739"]

1. b3 e5 2. Bb2 Nc6 3. e3 Nf6 4. Bb5 Bd6 5. Na3 e4 6. Nc4 Be7 7. Bxc6 bxc6 8. Ne2 O-O 9. O-O a5 10. Ng3 d5
11. Ne5 Qe8 12. c4 Bd6 13. d4 a4 14. Qc2 a3 15. Bc3 Ng4 16. Nxg4 Bxg4 17. h3 Be6 18. c5 Be7 19. b4 Qd7 20. Kh2 f5
21. f3 Bg5 22. f4 Be7 23. Ne2 h5 24. Be1 Qe8 25. h4 Qg6 26. Ng1 Qg4 27. Qe2 Bc8 28. Qxg4 hxg4 29. g3 Rf6 30. Ne2 Ba6
31. Rf2 Rh6 32. Nc1 Rg6 33. Nb3 Bxh4 34. Bd2 Be7 35. Rh1 Rh6+ 36. Kg1 Rxh1+ 37. Kxh1 Bc4 38. Nc1 Kf7 39. Kg1 g5 40. Rh2 Kg6
41. fxg5 Bxg5 42. Kf2 Rb8=
1/2-1/2

[Event "Knockabout Knockout"]
[Site "SchemingMind.com"]
[Date "2023.01.07"]
[Round "-"]
[White "ray winteringham"]
[Black "Arnold Jones"]
[Result "1-0"]
[WhiteCountry "ENG"]
[BlackCountry "ENG"]
[WhiteElo "1416"]
[WhiteRD "47"]
[BlackElo "1540"]
[BlackRD "63"]
[GameID "730111"]

1. e4 Nf6 2. d3 d6 3. h3 Nc6 4. Nf3 e5 5. Be2 Be7 6. Be3 O-O 7. Nc3 Be6 8. Qd2 d5 9. exd5 Nxd5 10. a3 Nxc3
11. Qxc3 f5 12. O-O Bf6 13. Nh2 e4 14. Qd2 Bxb2 15. Rab1 Bxa3 16. Rxb7 Bd6 17. d4 Bxh2+ 18. Kxh2 Na5 19. Qxa5 Qd6+ 20. g3 Rf7
21. Rxa7 Rxa7 22. Qxa7 Rf8 23. c4 Qb6 24. d5 Qxa7 25. Bxa7 Bf7 26. Rb1 Ra8 27. Bb8 Ra2 28. Bf1 Rxf2+ 29. Kg1 e3 30. Bxc7 g5
31. Be5 Be8 32. Re1 f4 33. g4 Kf7 34. Bd3 Rf3 35. Kg2 Rf2+ 36. Kg1 h6 37. Bd4 Rd2 38. Bxe3 Rxd3 39. Bb6 Rxh3 40. c5 Rg3+
41. Kf2 Bd7 42. d6 Bxg4 43. c6 Rf3+ 44. Kg2 Rb3 45. d7 Bxd7 46. cxd7 Rd3 47. d8=Q Rxd8 48. Bxd8 Kg6 49. Kf3 h5 50. Rg1 g4+
51. Kxf4 Kh6 52. Rh1 Kg6 53. Re1 Kh6 54. Re6+ Kh7 55. Kg5 g3 56. Bb6
1-0

[Event "Knockabout Knockout"]
[Site "SchemingMind.com"]
[Date "2023.01.07"]
[Round "-"]
[White "Arnold Jones"]
[Black "ray winteringham"]
[Result "1-0"]
[WhiteCountry "ENG"]
[BlackCountry "ENG"]
[WhiteElo "1540"]
[WhiteRD "63"]
[BlackElo "1416"]
[BlackRD "47"]
[GameID "730112"]

1. d4 d5 2. Nf3 h6 3. Nc3 Nf6 4. g3 e6 5. Bg2 Bd6 6. O-O O-O 7. Nd2 Nc6 8. e4 dxe4 9. Ndxe4 Ne7 10. Nxf6+ gxf6
11. Bxh6 Re8 12. Qg4+ Ng6 13. h4 e5 14. Qh5 exd4 15. Be4 Bf5 16. Bxf5 Re5 17. Qg4 Rxf5 18. Qxf5 Qc8 19. Qxf6 Be5 20. Qg5 dxc3
21. h5 Qh3 22. hxg6 Bxg3 23. fxg3
1-0

[Event "Knockabout Knockout"]
[Site "SchemingMind.com"]
[Date "2023.01.07"]
[Round "-"]
[White "Thomas Jacob Kelly"]
[Black "DMark4"]
[Result "1-0"]
[WhiteCountry "USA"]
[BlackCountry "SCO"]
[WhiteElo "1776"]
[WhiteRD "101"]
[BlackElo "1313"]
[BlackRD "123"]
[GameID "730116"]

1. e4 c6 2. d4 d5 3. Nd2 dxe4 4. Nxe4 Nf6 5. Nxf6+ exf6 6. c3 Bd6 7. Bd3 O-O 8. Qc2 Re8+ 9. Ne2 h5 10. Bd2 Nd7
11. O-O-O Nf8 12. g3 Be6 13. Kb1 Bd5 14. Rhg1 b5 15. Nf4 Bf3 16. Rdf1 a6 17. h3 Qc7 18. Ng2 Be2 19. Bxe2 Rxe2 20. Nf4 Ree8
21. Nxh5 Ne6 22. f4 Qd8 23. g4 c5 24. f5 Ng5 25. h4 Ne4 26. dxc5 Nxd2+ 27. Qxd2 Bxc5 28. Rg2 Qxd2 29. Rxd2 Rad8 30. Rxd8 Rxd8
31. Kc2 Bb6 32. Rf3
1-0

[Event "Knockabout Knockout"]
[Site "SchemingMind.com"]
[Date "2023.01.07"]
[Round "-"]
[White "DMark4"]
[Black "Thomas Jacob Kelly"]
[Result "1-0"]
[WhiteCountry "SCO"]
[BlackCountry "USA"]
[WhiteElo "1252"]
[WhiteRD "127"]
[BlackElo "1789"]
[BlackRD "99"]
[GameID "730117"]

1. d4 e6 2. Nf3 c5 3. e3 d5 4. Bd3 Nf6 5. b3 cxd4 6. exd4 Bb4+ 7. c3 Be7 8. O-O O-O 9. Nbd2 b6 10. Bb2 a5
11. Re1 Ba6 12. Bc2 Nbd7 13. Ne5 Bd6 14. f4 Re8 15. Ndf3 Ra7 16. Nc6 Qb8 17. Nxb8 Rxb8 18. Ne5 Nf8 19. Nc6
1-0

[Event "Knockabout Knockout"]
[Site "SchemingMind.com"]
[Date "2023.01.11"]
[Round "-"]
[White "Randy Bahr"]
[Black "Chessibelle"]
[Result "1-0"]
[WhiteCountry "USA"]
[BlackCountry "ENG"]
[WhiteElo "1876"]
[WhiteRD "76"]
[BlackElo "1088"]
[BlackRD "55"]
[GameID "730127"]

1. d4 d5 2. c4 Nf6 3. cxd5 Qxd5 4. Nc3 Qd6 5. e4 g6 6. e5 Qd8 7. exf6 e6 8. Bc4 Nd7 9. Nf3 Nxf6 10. Bg5 Be7
11. O-O O-O 12. Re1 b6 13. Qb3 c5 14. Rad1 Bd6 15. dxc5 Bc7 16. Rxd8 Rxd8 17. Bxf6 Rd7 18. Bxe6 fxe6 19. Qxe6+ Kf8 20. Qe8#
1-0

[Event "Knockabout Knockout"]
[Site "SchemingMind.com"]
[Date "2023.01.11"]
[Round "-"]
[White "Chessibelle"]
[Black "Randy Bahr"]
[Result "0-1"]
[WhiteCountry "ENG"]
[BlackCountry "USA"]
[WhiteElo "1088"]
[WhiteRD "55"]
[BlackElo "1876"]
[BlackRD "76"]
[GameID "730128"]

1. Nf3 d5 2. d4 e6 3. g3 Nf6 4. e3 c5 5. Be2 a6 6. b3 Nc6 7. O-O Bd7 8. Nbd2 Be7 9. Ng5 b5 10. Bf3 cxd4
11. Re1 O-O 12. Bg2 Rc8 13. Bb2 Nb4 14. Bxd4 Nxc2 15. Qf3 Nxe1 16. Rxe1 Rc2 17. Nf1 Qc7 18. h4 e5 19. Ba1 Bg4 20. Qxg4 Nxg4
21. f3 Nxe3 22. Nxe3 Bc5 23. f4 exf4 24. gxf4 Qxf4 25. Kh1 Qxh4+ 26. Nh3 Qxe1+ 27. Nf1 Rxg2 28. Kxg2 Qe4+ 29. Kh2 Qe1 30. a4 Qxf1
31. Be5 Qe2+ 32. Kg3 Qxe5+ 33. Nf4 g5
0-1

[Event "Knockabout Knockout"]
[Site "SchemingMind.com"]
[Date "2023.01.09"]
[Round "-"]
[White "Stephen Dunning"]
[Black "John Hamer"]
[Result "1-0"]
[WhiteCountry "WLS"]
[BlackCountry "ENG"]
[WhiteElo "1889"]
[WhiteRD "71"]
[BlackElo "1795"]
[BlackRD "71"]
[GameID "730129"]

1. d4 Nf6 2. Bf4 g6 3. Nf3 Bg7 4. e3 O-O 5. Be2 d6 6. O-O Nbd7 7. h3 Qe8 8. c4 e5 9. Bh2 a6 10. Nc3 Rb8
11. a4 exd4 12. Nxd4 Qd8 13. Rc1 Re8 14. b4 Ne5 15. Nd5 Ne4 16. Nc3 Nf6 17. Nf3 Ned7 18. Bd3 Qe7 19. Nd5 Qd8 20. Qb3 Ra8
21. c5 Nxd5 22. Qxd5 Nf6 23. Qb3 Be6 24. Qb1 Qd7 25. Ng5 Qxa4 26. Nxe6 fxe6 27. cxd6 cxd6 28. Bxd6 Nd5 29. Bc2 Qb5 30. Bb3 Rad8
31. Bc4 Qd7 32. Bg3 Rc8 33. Rfd1 Qe7 34. Bxd5 exd5= 35. Rxc8 Rxc8 36. Rxd5 Re8 37. Qb3 Qe6 38. Qd3 Bf6 39. Rd6 Qf7 40. e4 Be7
41. Rd7 b5 42. Bd6 Qe6 43. Bxe7 Rxe7 44. Rxe7 Qxe7 45. Qd5+ Kh8 46. Qd4+ Kg8 47. f3 Qc7 48. e5 Qc1+ 49. Kh2 Qc7= 50. f4
1-0

[Event "Knockabout Knockout"]
[Site "SchemingMind.com"]
[Date "2023.01.09"]
[Round "-"]
[White "John Hamer"]
[Black "Stephen Dunning"]
[Result "1-0"]
[WhiteCountry "ENG"]
[BlackCountry "WLS"]
[WhiteElo "1770"]
[WhiteRD "71"]
[BlackElo "1837"]
[BlackRD "80"]
[GameID "730130"]

1. d4 d5 2. c4 c6 3. Nf3 Nf6 4. e3 e6 5. Bd3 dxc4 6. Bxc4 c5 7. O-O a6 8. Nc3 b5 9. Be2 Nbd7 10. d5 Nb6
11. dxe6 Bxe6 12. Qc2 Qc7 13. Bd2 Bd6 14. Rad1 O-O 15. Ng5 Bxh2+ 16. Kh1 Bd5 17. Nxd5 Nbxd5 18. g3 Bxg3 19. fxg3 Qxg3 20. e4 Ne3
21. Bxe3 Qxe3 22. Rf5 Qg3 23. Rg1 Qd6 24. e5 Qc6+ 25. Bf3 Nd5 26. e6
1-0

[Event "Knockabout Knockout"]
[Site "SchemingMind.com"]
[Date "2023.01.21"]
[Round "-"]
[White "Arnold Jones"]
[Black "Clive Everill"]
[Result "1-0"]
[WhiteCountry "ENG"]
[BlackCountry "CZE"]
[WhiteElo "1540"]
[WhiteRD "63"]
[BlackElo "1684"]
[BlackRD "57"]
[GameID "730483"]

1. e4 a6 2. Nf3 b5 3. d4 Bb7 4. Bd3 e6 5. Be3 Nf6 6. Nbd2 Be7 7. O-O d6 8. b3 c5 9. c3 Nc6 10. Ne1 O-O
11. f3 Nd7 12. f4 cxd4 13. cxd4 Nb4 14. Qf3 Nxd3 15. Nxd3 f5 16. Nf2 Nf6 17. d5 exd5 18. e5 dxe5 19. fxe5 Ne4 20. Nfxe4 fxe4
21. Qg3 Rxf1+ 22. Rxf1 Rc8 23. Bh6 g6 24. Qf4 Qb6+ 25. Kh1 Qe6 26. h4 e3 27. Nf3 Bf8 28. Nd4 Bxh6 29. Qg3 Qe7 30. Nf5 Qf8
31. Nxe3 Qc5 32. Ng4 Bg7 33. Nf6+ Bxf6 34. Rxf6 Qc1+ 35. Kh2 Qh6 36. Rb6 Qg7 37. Qg5 d4 38. h5 Be4 39. h6 Qh8 40. Qe7 Bf5
41. Rf6 d3 42. Qf7#
1-0

[Event "Knockabout Knockout"]
[Site "SchemingMind.com"]
[Date "2023.01.21"]
[Round "-"]
[White "Clive Everill"]
[Black "Arnold Jones"]
[Result "0-1"]
[WhiteCountry "CZE"]
[BlackCountry "ENG"]
[WhiteElo "1684"]
[WhiteRD "57"]
[BlackElo "1540"]
[BlackRD "63"]
[GameID "730484"]

1. e4 c5 2. Nc3 Nc6 3. f4 e6 4. Nf3 Qc7 5. g3 a6 6. Bg2 b5 7. O-O Bb7 8. b3 c4 9. Bb2 O-O-O 10. d4 cxd3
11. cxd3 b4 12. Ne2 f6 13. Rc1 Qb6+ 14. d4 Kb8 15. Kh1 d5 16. exd5 exd5 17. Nh4 g6 18. Bh3 f5 19. Nf3 Nf6 20. Ne5 Nxe5
21. fxe5 Ne4 22. Nf4 Bc8 23. Nd3 Be6 24. Qe2 Be7 25. Nf4 Bd7 26. Qe3 Bb5 27. Rfe1 h5 28. e6 Be8 29. Rc2 h4 30. g4 g5
31. Nd3 f4 32. Qf3 Rf8 33. Bg2 Bg6 34. Ne5 Be8 35. Bf1 Qxe6 36. Bd3 Ka7 37. Rc7+ Kb8 38. Rec1 Bd6 39. Rg7 Qh6 40. Rb7+ Kxb7
41. Bxa6+ Kxa6 42. Qd3+ Bb5 43. Rc6+ Ka5 44. Rc4 Nf2+
0-1

[Event "Knockabout Knockout"]
[Site "SchemingMind.com"]
[Date "2023.02.06"]
[Round "-"]
[White "Aba"]
[Black "MazetaFighter"]
[Result "0-1"]
[WhiteCountry "ISR"]
[BlackCountry "GRE"]
[WhiteElo "1820"]
[WhiteRD "66"]
[BlackElo "2002"]
[BlackRD "82"]
[GameID "730995"]

1. e4 e5 2. Nf3 Nc6 3. Bc4 Nf6 4. d4 exd4 5. O-O Nxe4 6. Re1 d5 7. Nbd2 Be6 8. Nxe4 dxc4 9. Nfg5 Be7 10. Nxe6 fxe6
11. Qg4 Qd5 12. Bf4 O-O 13. Bxc7 Qf5 14. Qe2 Bb4 15. c3 d3 16. Qe3 Rf7 17. cxb4 Rxc7 18. a3 Rd8 19. Nc5 Re7 20. Rad1 Nd4
21. Qd2 b6 22. Ne4 Red7 23. a4 Ne2+
0-1

[Event "Knockabout Knockout"]
[Site "SchemingMind.com"]
[Date "2023.02.06"]
[Round "-"]
[White "MazetaFighter"]
[Black "Aba"]
[Result "1-0"]
[WhiteCountry "GRE"]
[BlackCountry "ISR"]
[WhiteElo "2002"]
[WhiteRD "82"]
[BlackElo "1820"]
[BlackRD "66"]
[GameID "730996"]

1. e4 e5 2. Nf3 Nc6 3. Bb5 a6 4. Ba4 Nf6 5. O-O Nxe4 6. d4 b5 7. Bb3 d5 8. dxe5 Be6 9. Nbd2 Bc5 10. Qe2 Nxd2
11. Bxd2 h6 12. Rad1 Qd7 13. c3 Na5 14. Bc2 c6 15. b4 Nb7 16. bxc5 Nxc5 17. Nd4 Bg4 18. f3 Bh5 19. g4 Bg6 20. Bxg6 fxg6
21. e6 Qd6 22. Rfe1 Ra7 23. Bc1 Re7 24. Ba3 O-O 25. Nb3
1-0

[Event "Knockabout Knockout"]
[Site "SchemingMind.com"]
[Date "2023.04.02"]
[Round "-"]
[White "spoke"]
[Black "MazetaFighter"]
[Result "0-1"]
[WhiteCountry "GER"]
[BlackCountry "GRE"]
[WhiteElo "1817"]
[WhiteRD "70"]
[BlackElo "2000"]
[BlackRD "79"]
[GameID "732615"]

1. e4 e5 2. Nf3 Nc6 3. Bc4 Nf6 4. Ng5 d5 5. exd5 Na5 6. Bb5+ c6 7. dxc6 bxc6 8. Be2 h6 9. Nf3 e4 10. Ne5 Bd6
11. d4 exd3 12. Nxd3 Qc7 13. b3 O-O 14. Bb2 Bf5 15. Bxf6 gxf6 16. Nd2 Rad8 17. Nf3 Bb4+ 18. Nd2 Bxd3 19. cxd3 Qf4 20. g3 Qe5
21. O-O Rfe8 22. Re1 Qb2
0-1

[Event "Knockabout Knockout"]
[Site "SchemingMind.com"]
[Date "2023.04.02"]
[Round "-"]
[White "MazetaFighter"]
[Black "spoke"]
[Result "1-0"]
[WhiteCountry "GRE"]
[BlackCountry "GER"]
[WhiteElo "2017"]
[WhiteRD "80"]
[BlackElo "1817"]
[BlackRD "75"]
[GameID "732616"]

1. d4 Nf6 2. c4 e6 3. Nc3 Bb4 4. e3 O-O 5. Bd3 d5 6. a3 Bxc3+ 7. bxc3 dxc4 8. Bxc4 c5 9. Nf3 cxd4 10. cxd4 Bd7
11. O-O Nc6 12. Bb2 a6 13. Rc1 b5 14. Bd3 Rc8 15. e4 Na5 16. Re1 Rxc1 17. Bxc1 Qc7 18. Bd2 Rc8 19. e5 Nd5 20. Bxh7+ Kxh7
21. Ng5+ Kg8 22. Qh5 Bc6 23. Qh7+ Kf8 24. Qh8+ Ke7 25. Qxg7 Rf8 26. Ne4 Nc4 27. Bg5+ Ke8 28. Bh6 Qe7 29. h4 f5 30. exf6 Nxf6
31. Qxe7+ Kxe7 32. Bxf8+ Kxf8 33. Nxf6
1-0

[Event "Knockabout Knockout"]
[Site "SchemingMind.com"]
[Date "2023.05.17"]
[Round "-"]
[White "Stephen Dunning"]
[Black "Thomas Jacob Kelly"]
[Result "1/2-1/2"]
[WhiteCountry "WLS"]
[BlackCountry "USA"]
[WhiteElo "1860"]
[WhiteRD "77"]
[BlackElo "1872"]
[BlackRD "85"]
[GameID "734063"]

1. e4 e6 2. d4 d5 3. Nc3 Nf6 4. e5 Nfd7 5. f4 c5 6. Nf3 Nc6 7. Be3 Be7 8. a3 Qb6 9. Be2 O-O 10. O-O cxd4
11. Nxd4 Bc5 12. Na4 Bxd4 13. Nxb6 Bxe3+ 14. Kh1 Nxb6 15. b4 Bd7 16. Rf3 d4 17. Qd3 Nd5 18. g3 Rfc8 19. c4 Ndxb4 20. axb4 Nxb4
21. Qb3 a5 22. Rb1 Bc6 23. Kg2 Bd2 24. Rd1 a4 25. Qa3 Nc2 26. Qa2 Ne3+ 27. Kg1 Bc3 28. Rd3 Nxc4 29. Rxc3 dxc3 30. Rxc3 Na5
31. Qb2 g6 32. Qa3 b5 33. Kf2 Rcb8 34. Qb4 Be8 35. Bf3 Ra6 36. Qe7 b4 37. Rc5 b3 38. Qc7 Rab6 39. Rxa5 b2 40. Be4 b1=Q
41. Bxb1 Rxb1 42. Ra7 R1b3 43. Kg2 Kg7=
1/2-1/2

[Event "Knockabout Knockout"]
[Site "SchemingMind.com"]
[Date "2023.05.18"]
[Round "-"]
[White "Thomas Jacob Kelly"]
[Black "Stephen Dunning"]
[Result "1-0"]
[WhiteCountry "USA"]
[BlackCountry "WLS"]
[WhiteElo "1777"]
[WhiteRD "98"]
[BlackElo "1888"]
[BlackRD "69"]
[GameID "734064"]

1. e4 c5 2. Nf3 d6 3. d4 cxd4 4. Nxd4 Nf6 5. Nc3 a6 6. Bg5 Nbd7 7. Bc4 e6 8. Qd2 Qc7 9. Bb3 Nc5 10. Bxf6 Nxb3
11. cxb3 gxf6 12. Rc1 h5 13. Ncb5 Qb8 14. Nc7+ Kd8 15. Qa5 Ra7 16. Ncxe6+ Ke8 17. Qd8#
1-0

[Event "Knockabout Knockout"]
[Site "SchemingMind.com"]
[Date "2023.08.31"]
[Round "-"]
[White "Thomas Jacob Kelly"]
[Black "Arnold Jones"]
[Result "1-0"]
[WhiteCountry "USA"]
[BlackCountry "ENG"]
[WhiteElo "1866"]
[WhiteRD "79"]
[BlackElo "1515"]
[BlackRD "63"]
[GameID "736862"]

1. e4 c5 2. Nf3 Nc6 3. Bb5 Na5 4. c3 a6 5. Be2 b5 6. d4 Bb7 7. d5 Nf6 8. b4 cxb4 9. cxb4 Nc4 10. Nc3 e6
11. Bxc4 bxc4 12. a3 exd5 13. exd5 d6 14. O-O Be7 15. Be3 Ng4 16. Nd4 Nxe3 17. fxe3 Bg5 18. Qa4+ Kf8 19. Ne6+
1-0

[Event "Knockabout Knockout"]
[Site "SchemingMind.com"]
[Date "2023.09.02"]
[Round "-"]
[White "Arnold Jones"]
[Black "Thomas Jacob Kelly"]
[Result "0-1"]
[WhiteCountry "ENG"]
[BlackCountry "USA"]
[WhiteElo "1515"]
[WhiteRD "63"]
[BlackElo "1866"]
[BlackRD "79"]
[GameID "736863"]

1. d4 f5 2. c4 g6 3. Nf3 Bg7 4. Nc3 Nf6 5. e3 d6 6. Bd3 O-O 7. O-O Kh8 8. b3 Be6 9. Qc2 Nh5 10. Ng5 Bg8
11. f4 e5 12. Qf2 exd4 13. exd4 Nc6 14. Nf3 Nb4 15. Bb1 c5 16. Ne2 Nc6 17. Be3 Re8 18. Ng3 Nf6 19. Bd3 Ng4 20. Rae1 Nxf2
21. Bxf2 Nxd4 22. Rxe8 Nxf3+ 23. gxf3 Qxe8 24. Re1 Qc6 25. Kg2 Bh6 26. Be3 Re8 27. Bd4+ cxd4 28. Rxe8 Qxe8 29. Ne2 Qe3 30. Kg3 Qxd3
31. Ng1 Qe3 32. Nh3 Bxf4+ 33. Nxf4 Qg1+ 34. Ng2 f4+ 35. Kh3 g5
0-1

[Event "Knockabout Knockout"]
[Site "SchemingMind.com"]
[Date "2023.10.02"]
[Round "-"]
[White "MazetaFighter"]
[Black "Thomas Jacob Kelly"]
[Result "1-0"]
[WhiteCountry "GRE"]
[BlackCountry "USA"]
[WhiteElo "2136"]
[WhiteRD "82"]
[BlackElo "1803"]
[BlackRD "85"]
[GameID "737681"]

1. e4 g6 2. d4 d6 3. Nc3 c6 4. Be3 Nf6 5. h3 Bg7 6. f4 O-O 7. Nf3 Qa5 8. Bd3 Nbd7 9. O-O Rd8 10. e5 dxe5
11. fxe5 Nd5 12. Bd2 Nxc3 13. Bxc3 Qb6 14. Bc4 Nxe5 15. Nxe5 Bxe5 16. Bxf7+ Kg7 17. Qe2 Bf6 18. Rxf6 exf6 19. Bb3 Qc7 20. Rf1 Bf5
21. Qf3 Rd6 22. g4 Bd7 23. Qg3 a5 24. g5 Bf5 25. gxf6+ Kxf6 26. Qe5+
1-0

[Event "Knockabout Knockout"]
[Site "SchemingMind.com"]
[Date "2023.10.02"]
[Round "-"]
[White "Thomas Jacob Kelly"]
[Black "MazetaFighter"]
[Result "0-1"]
[WhiteCountry "USA"]
[BlackCountry "GRE"]
[WhiteElo "1801"]
[WhiteRD "86"]
[BlackElo "2141"]
[BlackRD "84"]
[GameID "737682"]

1. e4 e5 2. Nc3 Nf6 3. g3 Nc6 4. Bg2 Bc5 5. Nge2 a6 6. O-O d6 7. h3 Be6 8. d3 d5 9. Bg5 dxe4 10. Nxe4 Be7
11. Bxf6 gxf6 12. Kh2 f5 13. Nd2 Qd7 14. a3 O-O-O 15. b4 e4 16. Nxe4 fxe4 17. dxe4 Qxd1 18. Rfxd1 Rxd1 19. Rxd1 Rd8 20. Rd3 Ne5
21. Rxd8+ Kxd8 22. f4 Nc4 23. e5 Nxa3 24. c3 b6 25. g4 c5 26. bxc5 Bxc5 27. Be4 h6 28. Bd3 Bc4 29. Nc1 Bxd3 30. Nxd3 Be7
31. f5 Bg5 32. Nb4 a5 33. Nd5 Nc4 34. Kg3 a4 35. Nb4 Nxe5 36. Na2 Kd7
0-1